Detalles MARC
| 000 -LEADER |
| fixed length control field |
01401nam a2200325 a 4500 |
| 008 - CAMPO DE CONTROL (LIBRO) |
| fixed length control field |
110906s2000 bl d f |||| 001 0 por d |
| 020 ## - INTERNATIONAL STANDARD BOOK NUMBER |
| ISBN |
8570611366 |
| 041 ## - CODIGO DE IDIOMA |
| Código de idioma del texto/pista de sonido o título separado |
por |
| 092 ## - SIGNATURA TOPOGRAFICA DEWEY LOCAL |
| número de clasificación |
616.8 |
| libristica |
47 |
| sección |
LEF |
| 100 1# - ENTRADA PRINCIPAL--NOMBRE PERSONAL |
| Nombre personal |
Lefevre, Fernando |
| 9 (RLIN) |
1462 |
| 245 #2 - TITULO PROPIAMENTE DICHO |
| Título |
O discurso do sujeito coletivo. |
| Subtítulo y Título paralelo |
Uma nova abordagem metodológica em pesquisa qualitativa / |
| Mención de responsabilidad y remanente de la transcripción de la portada |
Fernando Lefevre |
| 250 ## - MENCION DE EDICION |
| Mención de edición |
1a ed. |
| 260 ## - PIE DE IMPRENTA |
| Lugar de publicación, distribución, etc |
Caixas do Sul [Brazil]: |
| Nombre de la editorial, distribuidor, etc |
EDUCS; |
| Fecha de publicación |
2000. |
| 300 ## - DESCRIPCION FISICA |
| Extension |
138 p. |
| Dimensiones |
22 cm. |
| 500 ## - NOTA GENERAL |
| Nota general |
Lefevre, F., Cavalcanti Lefevre, A. M. y Juarez Vieira Teixeira, J. (2000). O discurso do sujeito coletivo. Uma nova abordagem metodológica em pesquisa qualitativa. (1a ed.). Caixas do Sul [Brazil] : EDUCS. <br/> |
| 653 ## - TÉRMINO INDIZADO - PALABRAS CLAVES |
| Palabra clave |
Os novos instrumentos no contexto da pesquisa qualitativa |
| 653 ## - TÉRMINO INDIZADO - PALABRAS CLAVES |
| Palabra clave |
Aplicando os novos intrumentos |
| 653 ## - TÉRMINO INDIZADO - PALABRAS CLAVES |
| Palabra clave |
Ao pas: por que nao aderi? |
| 653 ## - TÉRMINO INDIZADO - PALABRAS CLAVES |
| Palabra clave |
Historias amargas de ler |
| 653 ## - TÉRMINO INDIZADO - PALABRAS CLAVES |
| Palabra clave |
Descobrindo a gravidez |
| 653 ## - TÉRMINO INDIZADO - PALABRAS CLAVES |
| Palabra clave |
Homeopatoa: um espaço possivel |
| 653 ## - TÉRMINO INDIZADO - PALABRAS CLAVES |
| Palabra clave |
Entre fogos cruzados: a criança de classe especial |
| 653 ## - TÉRMINO INDIZADO - PALABRAS CLAVES |
| Palabra clave |
A prescricao medicamentosa sob a otica do idoso |
| 653 ## - TÉRMINO INDIZADO - PALABRAS CLAVES |
| Palabra clave |
Prevençao do cáncer: por que sim, por que nao? |
| 653 ## - TÉRMINO INDIZADO - PALABRAS CLAVES |
| Palabra clave |
A bolsa ou a morte: enfrentando a ostomia |
| 653 ## - TÉRMINO INDIZADO - PALABRAS CLAVES |
| Palabra clave |
O discurso (de)ambulante |
| 700 1# - ENTRADAS SECUNDARIAS - NOMBRE PERSONAL |
| Nombre personal |
Cavalcanti Lefevre, Ana María |
| 9 (RLIN) |
1463 |
| 700 1# - ENTRADAS SECUNDARIAS - NOMBRE PERSONAL |
| Nombre personal |
Juarez Vieira Teixeira, Jorge |
| 9 (RLIN) |
1464 |
| 942 ## - ADDED ENTRY ELEMENTS (KOHA) |
| Source of classification or shelving scheme |
Dewey Decimal Classification |
| Item type |
Libros |